000 00769nam a2200253 a 4500
001 000020125
005 20200929170257.0
008 100722s1964 sp 001 d spa d
040 _aDO-SdBNP
_bspa
_cBNPHU
082 _a862.5
_bB456a, 1964
100 1 _aBenavente, Jacinto,
_d1866-1954
_95362
245 1 0 _aAl fin, mujer /
_cJacinto Benavente.
250 _a3a ed.
260 _aMadrid :
_bEspasa-Calpe,
_c1964.
300 _a170 p. ;
_c18 cm.
490 1 _aAustral. Violeta: teatro y poesía
_v387
500 _aIncluye índice de autores.
650 4 _aTeatro español
_93071
650 4 _aLiteratura española
_9632
740 3 2 _aLa honradez de la cerradura
830 0 _aAustral. Violeta : teatro y poesía ;
_v387
_939559
910 _aWM
049 _aBNGR
999 _c19633
_d19633